[Event "AUTO-ADV-3518"]
[Site "http://www.queenalice.com/game.php?id=1433118"]
[Date "2016.7.26"]
[Round "2"]
[White "Profnabor"]
[Black "frama42"]
[Result "0-1"]
[WhiteElo "1958"]
[BlackElo "2295"]

1. e4 e5 2. Nf3 Nf6 3. d3 Nc6 4. Be2 d5 5. exd5 Nxd5 6. O-O Bf5 7. Nbd2 Qe7 8.
Ne4 O-O-O 9. a3 Nf4 10. Qe1 g5 11. Bxf4 gxf4 12. b4 Rg8 13. Kh1 Be6 14. c3 f5
15. Ned2 Bg7 16. b5 Nb8 17. Ng1 e4 18. d4 Bf8 19. f3 Qg5 20. g3 fxg3 21. Qxg3
Qxd2 22. Qe5 Qh6 23. fxe4 Nd7 24. Qf4 fxe4 25. Qxh6 Bxh6 26. h3 Rg3 27. c4 Rdg8
28. Bg4 Bxg4 29. hxg4 R8xg4 30. Kh2 Rg2+ 31. Kh1 Rc2 32. Rae1 Rh4+ 33. Nh3 Rxh3+
34. Kg1 Be3+ 35. Rxe3 Rxe3 36. c5 Ree2 37. c6 Rg2+ 38. Kh1 Rh2+ 39. Kg1 Rcg2#
0-1

[Event "AUTO-ADV-3518"]
[Site "http://www.queenalice.com/game.php?id=1433119"]
[Date "2016.7.26"]
[Round "2"]
[White "frama42"]
[Black "Profnabor"]
[Result "1-0"]
[WhiteElo "2293"]
[BlackElo "1961"]

1. e4 e5 2. Nf3 d6 3. d4 exd4 4. Nxd4 Nf6 5. Nc3 Be7 6. Qf3 O-O 7. Nf5 Bxf5 8.
Qxf5 Nc6 9. Be3 a6 10. O-O-O Ne5 11. Be2 b5 12. f4 Ng6 13. e5 Ne8 14. h4 Qc8 15.
Qxc8 Rxc8 16. h5 Nh8 17. Nd5 Bd8 18. Nb4 c5 19. Nxa6 Nc7 20. Nxc7 Bxc7 21. exd6
Bb6 22. Bxb5 Rfd8 23. Rd5 Kf8 24. b4 Ra8 25. bxc5 Ba5 26. c6 Bb4 27. d7 Ba5 28.
Re5 Bc7 29. Re1 Bxe5 30. Bc5+ Kg8 31. Rxe5 f6 32. Bc4+ Nf7 33. Re7 Rf8 34. Rxf7
Rxf7 35. c7 g5 36. h6 1-0

[Event "AUTO-ADV-3518"]
[Site "http://www.queenalice.com/game.php?id=1433122"]
[Date "2016.7.26"]
[Round "2"]
[White "frama42"]
[Black "ALDROB"]
[Result "1-0"]
[WhiteElo "2254"]
[BlackElo "1903"]

1. e4 c5 2. Nf3 d6 3. Nc3 Nc6 4. d4 cxd4 5. Nxd4 Nf6 6. Bb5 Bd7 7. O-O a6 8.
Nxc6 bxc6 9. Bc4 e6 10. Qe2 Be7 11. Bxa6 Qb6 12. Bc4 d5 13. Bd3 O-O 14. e5 Ne8
15. Nd1 c5 16. b3 f6 17. Bb2 f5 18. Bc1 Bc6 19. Qe3 d4 20. Qh3 Qb7 21. Nb2 g5
22. f3 Rf7 23. a3 Rg7 24. Rf2 g4 25. fxg4 fxg4 26. Qg3 h5 27. Bh6 h4 28. Qf4 g3
29. hxg3 hxg3 30. Rff1 Kh8 31. Bxg7+ Nxg7 32. Qh6+ 1-0

[Event "AUTO-ADV-3518"]
[Site "http://www.queenalice.com/game.php?id=1433123"]
[Date "2016.7.26"]
[Round "2"]
[White "ALDROB"]
[Black "frama42"]
[Result "0-1"]
[WhiteElo "1913"]
[BlackElo "2252"]

1. d4 Nf6 2. c4 e6 3. Nc3 d5 4. Bg5 Nbd7 5. Nf3 h6 6. Bh4 c6 7. e3 Qa5 8. Qc2
Bb4 9. O-O-O Bxc3 10. bxc3 Ne4 11. Rd3 dxc4 12. Rd1 Nxc3 13. Bxc4 Nb6 14. Bb3
Qa3+ 15. Kd2 Nxd1 16. Rxd1 O-O 17. Ke1 Qa6 18. Qe4 Re8 19. Rc1 Nd7 20. Bc2 g6
21. Qg4 Kg7 22. Bb3 f6 23. Bxe6 Qa5+ 24. Kf1 f5 25. Qg3 Rxe6 0-1

[Event "🐞👈🙆👉🐞☀ "]
[Site "http://www.queenalice.com/game.php?id=1440845"]
[Date "2016.9.12"]
[Round "-"]
[White "frama42"]
[Black "o3bor52"]
[Result "1-0"]
[WhiteElo "2279"]
[BlackElo "1840"]

1. e4 c5 2. Nf3 d6 3. d4 cxd4 4. Nxd4 e6 5. Nc3 a6 6. Bc4 Nd7 7. O-O Ngf6 8. a4
Nc5 9. Qf3 Be7 10. Rd1 Nfd7 11. b3 Ne5 12. Qe2 Nxc4 13. bxc4 O-O 14. e5 Qc7 15.
exd6 Bxd6 16. Nf3 Nd7 17. Ne4 Be7 18. Ba3 Nc5 19. Qe3 b6 20. a5 Nxe4 21. axb6
Qb7 22. Bxe7 Qxe7 23. Qxe4 Bb7 24. Qe3 Rfc8 25. Ne5 Qc5 26. Rd8+ Rxd8 27. Qxc5
Rac8 28. Qe7 Rb8 29. Qxf7+ Kh8 30. Qxe6 Rf8 31. Nf7+ Kg8 32. Nd6+ Kh8 33. Nxb7
Rxb7 34. Rxa6 h6 35. Ra7 Rxa7 36. bxa7 Ra8 37. Qe7 Kh7 38. Qe4+ 1-0

[Event "AUTO-MASTER-2455"]
[Site "http://www.queenalice.com/game.php?id=1443624"]
[Date "2016.9.30"]
[Round "2"]
[White "teddy"]
[Black "frama42"]
[Result "0-1"]
[WhiteElo "2111"]
[BlackElo "2272"]

1. e4 e5 2. Nf3 Nf6 3. d4 exd4 4. Bc4 Nxe4 5. Bxf7+ Kxf7 6. Ne5+ Kg8 7. Qxd4 d5
8. b4 c5 9. Qe3 Nc6 10. Nxc6 Qf6 11. f3 Qxa1 12. fxe4 bxc6 13. O-O Qxb1 14. Qf4
Be6 15. Qe5 Re8 16. Bb2 Bf7 17. Qf4 Qxf1+ 0-1

[Event "AUTO-MASTER-2455"]
[Site "http://www.queenalice.com/game.php?id=1443625"]
[Date "2016.9.30"]
[Round "2"]
[White "frama42"]
[Black "teddy"]
[Result "1-0"]
[WhiteElo "2288"]
[BlackElo "2100"]

1. e4 e6 2. Nf3 d5 3. e5 c5 4. d4 Nc6 5. Bb5 Bd7 6. Bxc6 bxc6 7. O-O cxd4 8.
Qxd4 c5 9. Qd1 Ne7 10. c4 d4 11. b4 Ng6 12. bxc5 Bxc5 13. Ba3 Qb6 14. Bxc5 Qxc5
15. Re1 Rc8 16. Nbd2 O-O 17. Qe2 Ba4 18. Rac1 Rfd8 19. Nb3 Bxb3 20. axb3 Nf4 21.
Qe4 Ng6 22. Rcd1 Rb8 23. Nxd4 Ne7 24. Rd3 g5 25. h4 h6 26. hxg5 hxg5 27. Red1 a5
28. Nxe6 Rxd3 29. Nxc5 Rxd1+ 30. Kh2 1-0

[Event "Forza e coraggio !"]
[Site "http://www.queenalice.com/game.php?id=1450646"]
[Date "2016.11.17"]
[Round "-"]
[White "o3bor52"]
[Black "frama42"]
[Result "0-1"]
[WhiteElo "1867"]
[BlackElo "2297"]

1. a3 d5 2. d4 e6 3. Nc3 Nf6 4. Bg5 Be7 5. Nf3 Nbd7 6. Qd2 O-O 7. O-O-O c5 8.
dxc5 Nxc5 9. e3 Nce4 10. Bxf6 Nxd2 11. Bxe7 Qxe7 12. Rxd2 Rd8 13. h4 a5 14. g4
Qc7 15. g5 b6 16. Nd4 Bb7 17. Rh3 e5 18. Ndb5 Qe7 19. f3 Bc8 20. Rhh2 Be6 21.
Bh3 Bxh3 22. Rxh3 d4 23. exd4 exd4 24. Nxd4 Qe1+ 25. Nd1 Qe5 26. Nb3 a4 27.
Rxd8+ Rxd8 28. Nd2 Qf4 29. Kb1 Qxd2 30. Nc3 Qg2 31. Nxa4 Qf1+ 32. Ka2 Qc4+ 33.
b3 Qxc2+ 34. Nb2 Rd2 0-1

[Event "AUTO-INT-2837"]
[Site "http://www.queenalice.com/game.php?id=1452095"]
[Date "2016.11.26"]
[Round "2"]
[White "TIKAR"]
[Black "frama42"]
[Result "0-1"]
[WhiteElo "1580"]
[BlackElo "2291"]

1. e4 e5 2. Nf3 Nf6 3. a3 Nxe4 4. Bd3 Nc5 5. Bc4 d5 6. Ba2 e4 7. Nd4 Qg5 8. O-O
Bh3 9. g3 Qe5 10. Nb5 Bxf1 11. Kxf1 d4 12. Qg4 Nba6 0-1

[Event "AUTO-INT-2837"]
[Site "http://www.queenalice.com/game.php?id=1452096"]
[Date "2016.11.26"]
[Round "2"]
[White "frama42"]
[Black "TIKAR"]
[Result "1-0"]
[WhiteElo "2292"]
[BlackElo "1578"]

1. e4 e5 2. Nf3 d6 3. d4 exd4 4. Nxd4 Nf6 5. Nc3 h6 6. Be2 Bd7 7. Be3 Be7 8. f4
a6 9. e5 dxe5 10. fxe5 Ng4 11. Bxg4 O-O 12. O-O Nc6 13. Bxd7 Qxd7 14. Nf5 Qxd1
15. Raxd1 1-0

[Event "AUTO-ELITE-1777"]
[Site "http://www.queenalice.com/game.php?id=1459251"]
[Date "2017.1.12"]
[Round "1"]
[White "frama42"]
[Black "nemeth"]
[Result "0-1"]
[WhiteElo "2310"]
[BlackElo "2234"]

1. e4 c5 2. Nf3 d6 3. d4 cxd4 4. Nxd4 Nf6 5. Nc3 a6 6. Be2 e5 7. Nb3 Be6 8. O-O
Be7 9. Qd3 Nbd7 10. Rd1 O-O 11. Nd5 Bxd5 12. exd5 Ne8 13. Qh3 f5 14. Bd3 e4 15.
Bf1 Nc7 16. Nd4 g6 17. Bh6 Re8 18. Nxf5 Bf8 19. Bxf8 Nxf8 20. Qg3 Re5 21. Nh6+
Kg7 22. Ng4 Rg5 23. Qc3+ Kf7 24. Nh6+ Ke8 0-1

[Event "AUTO-ELITE-1777"]
[Site "http://www.queenalice.com/game.php?id=1459252"]
[Date "2017.1.12"]
[Round "1"]
[White "nemeth"]
[Black "frama42"]
[Result "1-0"]
[WhiteElo "2248"]
[BlackElo "2296"]

1. e4 e5 2. Nc3 Nf6 3. f4 d5 4. fxe5 dxe4 5. exf6 Qxf6 6. Nxe4 Qe7 7. Qe2 Nc6 8.
Nf2 Nb4 9. Kd1 Qxe2+ 10. Bxe2 Be6 11. a3 Nc6 12. d3 O-O-O 13. Bd2 f5 14. Nf3 Bc5
15. Nh3 h6 16. Nf4 Bf7 17. h4 g6 18. c3 Bd6 19. Kc2 Rde8 20. Rae1 Kb8 21. b4
Rhg8 22. Bd1 1-0

[Event "AUTO-ELITE-1777"]
[Site "http://www.queenalice.com/game.php?id=1459253"]
[Date "2017.1.12"]
[Round "1"]
[White "frama42"]
[Black "TheWatcher"]
[Result "1-0"]
[WhiteElo "2298"]
[BlackElo "2278"]

1. e4 e5 2. Nf3 Nc6 3. Bc4 f5 4. d4 exd4 5. Nxd4 Ne5 6. Bxg8 Rxg8 7. exf5 Qf6 8.
O-O d5 9. Nb5 Bd6 10. N1c3 c6 11. Bg5 Qf8 12. f4 Nf7 13. Qe2+ 1-0

[Event "AUTO-ELITE-1777"]
[Site "http://www.queenalice.com/game.php?id=1459254"]
[Date "2017.1.12"]
[Round "1"]
[White "TheWatcher"]
[Black "frama42"]
[Result "1-0"]
[WhiteElo "2259"]
[BlackElo "2283"]

1. d4 Nf6 2. c4 e6 3. Nc3 d5 4. Nf3 Be7 5. cxd5 exd5 6. Qc2 O-O 7. Bg5 h6 8. Bh4
Nc6 9. a3 g5 10. Bg3 g4 11. Ne5 Nxd4 12. Qd1 Nf5 13. e3 Nxg3 14. hxg3 Bd6 15.
Nd3 Re8 16. Qa4 c5 17. O-O-O Bd7 18. Qc2 d4 19. Nf4 Bxf4 20. gxf4 dxc3 21. Rxh6
Kg7 22. Rh1 1-0

[Event "=^_^="]
[Site "http://www.queenalice.com/game.php?id=1462063"]
[Date "2017.1.31"]
[Round "-"]
[White "frama42"]
[Black "o3bor52"]
[Result "1-0"]
[WhiteElo "2309"]
[BlackElo "1874"]

1. e4 c5 2. Nf3 d6 3. d4 cxd4 4. Nxd4 Nf6 5. Nc3 g6 6. f4 Bg7 7. e5 dxe5 8. fxe5
Nd5 9. e6 Bxe6 10. Bb5+ Nd7 11. Nxe6 fxe6 12. Nxd5 exd5 13. Qxd5 Qc7 14. Bf4 Be5
15. Bxe5 e6 16. Qxe6+ 1-0